[Event "Pamplona 14th"]
[Site "Pamplona"]
[Date "2004.12.22"]
[Round "1"]
[White "Gelfand, Boris"]
[Black "Sutovsky, Emil"]
[Result "1-0"]
[WhiteElo "2693"]
[BlackElo "2697"]
[Annotator "Avrukh,B"]
[PlyCount "77"]
[EventDate "2004.12.22"]
[EventType "tourn"]
[EventRounds "7"]
[EventCountry "ESP"]
[EventCategory "16"]
[SourceTitle "CBM 105"]
[Source "ChessBase"]
[SourceDate "2005.04.11"]
[SourceVersion "1"]
[SourceVersionDate "2005.04.11"]
[SourceQuality "1"]

1. d4 {Gelfand,B} Nf6 2. c4 g6 3. Nc3 Bg7 4. e4 d6 5. Be2 O-O 6. Nf3 e5 7. Be3
h6 8. O-O Ng4 9. Bc1 Nd7 $5 {A rare continuation, which actually can be a
serious alternative to the more popular 9...Nc6.} 10. d5 {This looks like the
most critical move, otherwise Black is doing quite well according to my
database.} (10. dxe5 $14 {Gelfand,B}) 10... Ngf6 ({Later on Black has tried to
improve on Emil's play and Black actually succeded after Gelfand,B:} 10... f5 {
'>=' Gelfand,B.} 11. g3 (11. Ne1 {Gelfand,B} Ngf6 12. exf5 gxf5 13. f4 $5)
11... fxe4 12. Nh4 g5 13. Ng2 $2 (13. Ng6 {should be critical like in the game
Gelfand-Sutovsky.}) 13... Ngf6 14. h4 gxh4 15. Nxh4 Nc5 16. Kg2 Qd7 17. Rh1 Ng4
18. Bxg4 Qxg4 $17 {1/2-1/2 Kruppa,Y-Pavlov,S/Kiev UKR 2005/The Week in Chess
531 (18)}) 11. Be3 (11. Nd2 a5 {clearly to Black's benefit to compare with
normal variation where his knight is placed on e7.}) 11... Ng4 (11... Nh7 12.
Qc1 $6 (12. Nd2 $142 f5 13. f3 $14) 12... h5 13. b4 f5 14. Ng5 Ndf6 15. Nxh7
Kxh7 16. Bg5 f4 17. g3 Bh3 18. Re1 Qd7 19. c5 Ng4 $40 {1/2-1/2 San Segundo
Carrillo,P-Mollov,E/Linares 1997/CBM 058 (58)}) (11... Ne8 {Gelfand,B} 12. Qd2
(12. Ne1 f5 13. f3 $5) 12... Kh7 13. Ne1 f5 14. exf5 gxf5 15. f4 Nef6 16. g3
$16) 12. Bd2 f5 {Black has lost one tempo, since he could have played f5 two
moves before, but it looks irrelevant to me because it's not so clear whether
White's dark-squared bishop is better placed on d2.} (12... Ngf6 {Gelfand,B}
13. b4 a5 14. a3 $16) 13. g3 {[%cal Gf3h4] This is a typical reaction in the
King's Indian, when Black's knight is placed on g4. Gelfand,B: '/\ Nh4 '} (13.
Ne1 {Gelfand,B} Ngf6 14. exf5 gxf5 15. f4 Ne4 $140 16. Nxe4 fxe4 17. f5 $5)
13... fxe4 (13... Ngf6 {might be an improvement} 14. Nh4 Nxe4 15. Nxe4 fxe4 16.
Nxg6 Rf7 $1 (16... Rf6 17. Nh4 Nc5 18. Be3 $1 $14) 17. Be3 Nf6 $132 {[%cal
Gc8h3]}) 14. Nh4 $1 {The point of White's idea.} (14. Nxe4 {looks natural, but
doesn't create any problems for Black, since White is unable to hold the
e4-square.} Ndf6 15. Bd3 Nxe4 16. Bxe4 Bf5 $1 {and Black gets a very
comfortable game.}) 14... g5 {The critical reply.} (14... e3 $2 {Gelfand,B} 15.
Bxg4 exd2 16. Nxg6) 15. Ng6 {Entering complications.} ({Gelfand,B:} 15. Bxg4
gxh4 16. Be6+ Kh7 {it is necessary to protect the h6-pawn.} (16... Kh8 $143 17.
Qh5 {[%csl Gh6]} Nf6 18. Qxh4 $16) 17. Nxe4 Nf6 18. Qc2 Kh8 {should be
playable for Black.} 19. Nxf6 {Gelfand,B} (19. f4 $5 {Gelfand,B}) 19... Rxf6 $1
{c8-h3 diagonal.} 20. Bxc8 Qxc8 21. Qe4 Qh3 $14) 15... Nxf2 (15... Rf6 $142 $1
{Gelfand,B} 16. Bxg4 Rxg6 17. Be6+ Rxe6 $1 18. dxe6 Nf6 (18... Nc5 19. Be3 Nxe6
20. Nxe4 Nd4 $44) 19. Qe2 Bxe6 20. Nxe4 Nxe4 21. Qxe4 d5 $44) 16. Rxf2 ({
Correctly rejecting} 16. Qc2 Rf7 17. Be3 Nh3+ 18. Kg2 Nf4+ $1 $17) 16... Rxf2
17. Kxf2 Qf6+ 18. Kg1 Qxg6 19. Nb5 $1 {The arising position is so complicated
that - no wonder - such a great dynamic player as Emil chooses the wrong
direction.} (19. Bh5 $6 Qf5 $1 (19... Qh7 20. Nb5 Nf6 21. Nxc7 Rb8 22. Nb5 $1
$13) 20. Bg4 Qf8 21. Nxe4 Nf6 $15) 19... Nc5 $2 ({The best answer was:} 19...
c6 $142 20. Bh5 Qf6 {and now White has two opportunities:} 21. dxc6 (21. Nc7
$143 Rb8 22. Be3 {[%csl Ga7]} (22. Qe2 Qe7 {[%cal Gd7f6]}) (22. Qa4 a6 $1 {
very good for Black.} (22... Qd8 $140 23. Qxa7 $1 Qxc7 24. Ba5 $18)) 22... c5
23. Qa4 {[%csl Ga7][%cal Ga1f1] looks great for White, but Black has a
beautiful counterblow, which turns the tables.} (23. Qc2 Qe7 {[%cal Gd7f6]})
23... b5 $3 24. Nxb5 (24. cxb5 Nb6 25. Qxe4 Bf5 26. Qg2 Nc4 $17) 24... Nb6 25.
Qb3 Bh3 $17 {[%csl Rg1]}) 21... bxc6 22. Be3 $1 d5 (22... cxb5 $140 $4 23. Qd5+
$18 {[%csl Ga8]}) 23. Nc7 Rb8 24. cxd5 Qd6 25. dxc6 (25. Ne8 Qxd5 26. Qc2 Ba6)
25... Qxc7 26. cxd7 Qxd7 27. b3 $44 {White has good compensation, but Black
should be able to hold the balance.}) 20. Nxc7 Rb8 21. Be3 $1 $16 {[%csl Ga7]
[%cal Gb2b4]} b6 {'?!' Gelfand,B.} (21... Bd7 22. Bxc5 $1 dxc5 23. Bg4 {
and White has a clear positional advantage.}) (21... Bh3 $142 $1 {Gelfand,B}
22. Bg4 (22. Bh5 Qf6 23. Ne8 Qf8 24. Nxg7 Kxg7 25. Bxc5 dxc5 26. Bg4 Bxg4 27.
Qxg4 Qf3 $132) 22... Bxg4 23. Qxg4 Qf7 24. Bxc5 (24. Ne6 Qf3 25. Qxf3 exf3) (
24. Nb5 Qf3 25. Qxf3 exf3 26. Nxd6 b6 $13 (26... Nd3 $5)) 24... dxc5 (24...
Qxc7 $2 25. Qe6+ Kh8 26. Qxd6 $18 (26. Bxd6 Qb6+ 27. c5 Qxb2 28. Rf1 $16)) 25.
Qe6 (25. Ne6 Qf3) 25... e3 $1 $132) 22. Nb5 Nd3 $6 {This pseudo-active move
significantly eases White's task.} ({More stubborn would have been} 22... a6
$142 {but with precise play White keeps his advantage.} 23. Bh5 $1 (23. Na7 {
This is not enough:} Bf5 (23... Bh3 24. Nc6 Rb7 25. Bg4 $1 $16) 24. Nc6 Rb7 25.
Bh5 Qf6 26. b4 (26. Qe2 {[%cal Ga1f1]} Bh3) 26... Nd3 27. Qa4 $140 Bh3 28. Qxa6
Rf7 $1 29. Be2 Nf4 $1 $40) (23. Nc3 $2 g4 24. b4 Nd3 25. Rb1 Bf5 $17) 23... Qf6
24. Nc3 Qf5 $5 {[%cal Gg5g4]} (24... Bf5 25. Qe2 {[%cal Ga1f1]}) 25. Qd2 g4 26.
Be8 Nd3 27. Rf1 Qh7 28. Qe2 {[%cal Ge8h5]} h5 29. Bf7+ Kh8 30. Bg5 Bf5 31. Be6
$16) 23. Nxa7 Nxb2 (23... Bh3 24. Nc6 Rb7 25. b4 {followed by a4-a5 etc.}) 24.
Qd2 (24. Qb3 {Gelfand,B} Nd3 25. Nxc8 Rxc8 26. Bg4 $1 Rb8 27. a4 $16) 24... Nd3
(24... Na4 25. Nxc8 Rxc8 26. Qb4 Nc5 27. Qxb6 $16) 25. Nxc8 (25. Nc6 Rb7) 25...
Rxc8 26. Bxb6 Rxc4 {'?' Gelfand,B.} (26... Rb8 $1 {Gelfand,B} 27. Rb1 (27. Qa5
e3 (27... Nf4 $5 28. gxf4 exf4) 28. Qa7 Rf8 29. Bxe3 Nf4 $132) 27... g4 $1 (
27... Qf5 28. Rf1 Qc8 29. Qa5 Qxc4 (29... Ra8 30. Bg4 $14) 30. Qa7 Rf8 31.
Rxf8+ Bxf8 32. Bh5 Qc1+ 33. Kg2 Qc2+ 34. Kh3) (27... Rc8 28. Bg4 Rxc4 29. Be3
Nf4 $5 $14) 28. a4 h5 29. a5 Bh6 30. Qd1 h4 $1 31. Bxg4 (31. gxh4 g3) 31...
hxg3 32. hxg3 Kh7 $1 $13) 27. a4 $1 $18 {Now suddenly Black is losing, since
White's a-pawn decides the issue.} Qe8 28. a5 Ra4 (28... Qb5 29. Bg4 Qxd5 (
29... Qa6 30. Qe2 {and White will easily seize decisive attack along light
squares.}) 30. a6 $18) 29. Qd1 $1 Rxa1 30. Qxa1 Qb5 31. Be3 Qb3 32. Bd1 $1 ({
Avoiding a last trick} 32. a6 Nf4 $3 33. a7 (33. Bxf4 exf4 {[%csl Ga1]}) 33...
Qxe3+ 34. Kh1 Qxe2 35. a8=Q+ Kh7 36. gxf4 exf4 37. Q8a7 Qf3+ 38. Kg1 Qg4+ 39.
Kf2 Qf3+ 40. Kg1 $11) 32... Qb4 {[%cal Gb4e1]} 33. Bg4 Nc5 34. a6 $1 Nxa6 35.
Qxa6 Qe1+ 36. Kg2 Qxe3 37. Be6+ Kh7 38. Bf5+ Kg8 39. Qc8+ 1-0

[Event "Bermuda"]
[Site "Bermuda"]
[Date "2005.02.06"]
[Round "7"]
[White "Harikrishna, Pentala"]
[Black "Volokitin, Andrei"]
[Result "1/2-1/2"]
[WhiteElo "2632"]
[BlackElo "2685"]
[Annotator "Avrukh,B"]
[PlyCount "88"]
[EventDate "2005.01.30"]
[EventType "tourn"]
[EventRounds "10"]
[EventCountry "BER"]
[EventCategory "17"]
[SourceTitle "CBM 106"]
[Source "ChessBase"]
[SourceDate "2005.06.06"]
[SourceVersion "1"]
[SourceVersionDate "2005.06.06"]
[SourceQuality "1"]

1. d4 Nf6 2. c4 g6 3. Nc3 Bg7 4. e4 d6 5. Nf3 O-O 6. Be2 e5 7. O-O Na6 8. Be3
Ng4 9. Bg5 Qe8 10. dxe5 dxe5 11. Qc1 $5 {[%csl Gh6] Recently a very new try to
fight for the opening advantage in this line, introduced by Beliavsky in his
game against Nevednichy.} c6 (11... h6 12. Bd2 Kh7 13. c5 (13. h3 Nf6 14. Be3)
13... Nf6 14. Bxa6 bxa6 15. h3 Bb7 16. Re1 Qe7 $13 {1/2-1/2 Vera,R-Alcazar
Jimenez,V/Albacete 2004/CBM 102 ext (30)}) 12. Rd1 (12. Re1 Nf6 13. Bh6 Bg4 14.
Bxg7 Kxg7 15. Nd2 {1/2-1/2 Gleizerov,E-Moradiabadi,E/Tehran IRI 2005/The Week
in Chess 536}) (12. h3 Nf6 13. Qe3 Nh5 $132) 12... f6 $146 {A natural reaction
.} (12... h6 $6 13. Bd2 {[%cal Gh2h3]} Kh7 14. h3 Nf6 15. Be3 $1 $14 {1-0
Beliavsky,A-Nevednichy,V/Paks 2004/CBM 102/[Avrukh,B] (33) This is exactly the
position White is aimed for: he has a very clear plan of the play on the
queenside (a3, b4, c5, Nd2-c4-d6) on the other hand it's very difficult for
Black to create any serious counterplay on the kingside.}) 13. Bd2 f5 {Forced,
White was threatening 14 h3.} 14. h3 Nf6 15. exf5 gxf5 (15... e4 16. Nh4 gxf5
17. Bh6 {transfers to the game.}) 16. Bh6 e4 ({Too risky would have been} 16...
f4 $6 17. Bxg7 Kxg7 18. Re1 $1 {and Black's e-pawn becomes a clear target. For
example} e4 19. Bd3 $1 Nc5 20. Bxe4 Nfxe4 21. Nxe4 Nxe4 22. Qc2 Bf5 23. Nh4 $16
) 17. Nh4 {[%csl Gg6]} (17. Nd4 $143 Bxh6 (17... Qg6 $5) 18. Qxh6 Qg6 $11)
17... Bxh6 {Otherwise White was threatening with 18 Qg5.} 18. Qxh6 Qf7 {
with clear idea to swap QQ after 19...Qg7.} ({It would be too dangerous for
Black to keep White's queen on h6:} 18... Qe5 19. Rd2 f4 20. Re1 Nc5 21. Bd1 {
[%csl Ge4,Gf4][%cal Cc8e6,Ce6c4,Gd1c2] and Black is in trouble.}) 19. Qf4 ({
The alternative was:} 19. Rd6 Ne8 $1 (19... Qg7 20. Qf4 {[%csl Gf5]}) 20. Rd2
Qf6 21. Qxf6 (21. Qf4 $143 Ng7 {[%cal Gg7e6]}) 21... Nxf6 22. Rad1 Kf7 $14)
19... Qc7 $1 {Important resource.} 20. Qxc7 (20. Rd6 Ne8 21. Qg5+ Qg7 22. Qxg7+
Kxg7 23. Rd2 Nf6 $14) 20... Nxc7 21. f3 $1 $14 exf3 ({Sooner or later Black
has to take on f3, so it's better to capture immediately, since} 21... Be6 {
would allow White an interesting possibility.} 22. Kf2 exf3 23. Kxf3 $5 {
[%cal Gf3f4]}) 22. Bxf3 {After logical play White has got a slightly better
endgame, due to the better pawn structure and the weak f5P, at the same time I
am sure that Black should be able to hold this endgame with precise defence.}
Be6 23. Rd4 Rad8 $1 {Black has not so much space for his pieces, that's why
it's essential to exchange one pair of RR.} (23... Rae8 24. Rad1 $14) 24. Rad1
Rxd4 25. Rxd4 Nd7 {Black transfers his knight to much better square, at the
same time Black's K gets a comfortable place on f6.} 26. b3 {[%csl Ge6]} Ne5
27. Bd1 {[%cal Gd1c2]} Kf7 $6 {First inaccuracy.} (27... Kg7 $142 28. Bc2 Ng6
$1 29. Nf3 Kf6 {and Black should hold the balance.}) 28. Bc2 Kf6 $2 {and this
is already a serious mistake, which fortunately for Black wasn't used by
Harikrishna.} (28... Ke8 $142 29. Kf2 $14) (28... Ke7 $2 29. Rf4 $16 {[%csl
Gf5]}) 29. Ne2 ({Missing a golden tactical opportunity:} 29. Bxf5 $3 Bxf5 30.
Rf4 Kg5 (30... Ke6 31. g4 $16) 31. g3 {and Black is hopeless against white's
idea 32 Rf5 following by 33 Ne4 and 34 Nf5 regaining a piece and remaining
with extra pawn.}) 29... Ng6 30. Nf3 Rf7 {[%cal Gf7d7] Aiming for a rook swap
with 31..Rd7.} 31. Ng3 (31. Rd6 Rd7 $11) 31... c5 (31... Rd7 $140 $2 32. Nxf5
$1 $16) 32. Rd6 Ke7 33. Rd1 h6 {[%csl Gg5]} 34. h4 $1 Ne8 (34... Kf6 35. Nh5+
Ke7 36. Kf2 $14) 35. Kf2 $6 {This allows Black finally to equalise.} ({Very
strong was :} 35. Rf1 $1 {[%csl Gf4]} Kd6 36. h5 Ne7 37. Ne2 {[%cal Ge2f4]} Nc6
38. Nf4 Ng7 39. Rd1+ Kc7 40. Kf2 $14 {and White still keeps very unpleasant
pressure.}) 35... Ng7 36. Rh1 Kf6 $11 {Black has managed to consolidate his
piecies and to take control over important central squares.} 37. Rd1 Rd7 38.
Ne2 Rxd1 39. Bxd1 Bd7 40. g3 Ne6 41. Ne1 f4 42. Nd3 fxg3+ 43. Nxg3 Bc6 44. Bf3
Bxf3 (44... Bxf3 45. Kxf3 Nxh4+ 46. Kg4 Ng6 47. Ne4+ Kf7 48. Nexc5 Nxc5 49.
Nxc5 b6 $11) 1/2-1/2

[Event "Moscow Aeroflot op-A"]
[Site "Moscow"]
[Date "2005.02.18"]
[Round "4"]
[White "David, Alberto"]
[Black "Bologan, Viktor"]
[Result "0-1"]
[WhiteElo "2573"]
[BlackElo "2683"]
[Annotator "Avrukh,B"]
[PlyCount "64"]
[EventDate "2005.02.15"]
[EventType "swiss"]
[EventRounds "9"]
[EventCountry "RUS"]
[SourceTitle "CBM 106"]
[Source "ChessBase"]
[SourceDate "2005.06.06"]
[SourceVersion "1"]
[SourceVersionDate "2005.06.06"]
[SourceQuality "1"]

1. d4 Nf6 2. c4 g6 3. Nc3 Bg7 4. e4 d6 5. Nf3 O-O 6. Be2 e5 7. Be3 Ng4 8. Bg5
f6 9. Bh4 Nd7 {A seldom played continuation.} ({More common is} 9... g5) ({or} 
9... Nc6) 10. O-O Nh6 11. d5 $6 {In my opinion this approach is a bit
premature and significantly eases Black's play.} ({Both} 11. Qd2) ({and} 11.
dxe5 dxe5 12. b4 {would have been preferable to the game continuation.}) 11...
g5 ({The alternative} 11... Nf7 12. Ne1 Ng5 {[%cal Gf6f5] with complicated
play.}) 12. Bg3 f5 13. exf5 Nxf5 14. Nd2 Nd4 $146 (14... Nf6 15. Nde4 Nxe4 16.
Nxe4 Nd4 (16... h6 17. h3 Kh8 18. Bg4 Bd7 19. b4 Qe7 20. Re1 Rad8 21. Rc1 $14 {
0-1 Rossmann,H-Uhlmann,W/Stralsund 1975/EXT 2000 (46)}) 17. Bg4 Bf5 18. Bxf5
Rxf5 19. f3 Qd7 20. Bf2 Raf8 $11 {1-0 Drasko,M-Riemersma,L/Belgrade 1988/TD 
(56)}) 15. Nde4 Nxe2+ (15... h6 $143 16. Bg4 Nf6 17. Bxc8 Rxc8 18. f3 $14) 16.
Qxe2 h6 {Defending the g5-pawn and preparing 17...Nf6.} 17. b4 {Logically
starting his offending on the Q-side. On the other hand White could have tried
first to improve his dark-squared bishop.} (17. f3 {[%cal Gg3f2]} Nf6 18. Bf2 (
18. Nxf6+ $143 Qxf6 19. Ne4 Qg6 $11) 18... b6 $1 (18... Nh5 19. c5 Nf4 20. Qc4
g4 $140 21. fxg4 Bxg4 22. cxd6 cxd6 23. Qb4 $16 {[%csl Gd6]}) (18... Bf5 19. c5
$14) 19. b4 a5 20. a3 Nh5 $13 21. c5 $140 $2 bxc5 22. bxc5 Ba6 $17 {[%csl Ge2,
Gf1]}) 17... Nf6 18. h3 {It's hard for me to understand the idea behind
White's last move.} (18. f3 Nh5 19. Bf2 Nf4 20. Qd2 Bf5 $13) 18... Bf5 19. Rfe1
Qd7 {keeping eye on d5-pawn.} ({The straightforward} 19... Qe8 {[%cal Ge8g6]} {
allows} 20. c5) 20. a3 {Unnecessary preventation.} ({Much better was an
immediate} 20. c5 $142 Nxe4 21. Nxe4 Rad8 $13 {[%cal Ch3h4,Ch4g5,Gd7f7]} ({
Most probably White was afraid of} 21... a5 {but after} 22. cxd6 cxd6 23. b5
Bxe4 24. Qxe4 Qxb5 25. Rab1 Qd7 26. a4 $44 {[%cal Gb1b5,Ge1b1] White has a
very nice compensation.})) 20... Qf7 {[%cal Gf7g6]} 21. Nxf6+ ({Once again
better was} 21. c5 $142 Nxe4 22. Nxe4 Qg6 (22... dxc5 $143 $6 23. Nxc5 b6 24.
Na6 Rad8 25. Rad1 $14 {[%csl Gc7]}) 23. Rac1 {and White has important extra
tempo to compare with the game.}) 21... Qxf6 22. c5 Qg6 23. Rac1 $2 {White
doesn't feel the danger. It was obligatory to prevent Black's activity on the
kingside.} (23. Nb5 $140 $2 Bd3 $19 {[%csl Gb5]}) ({The correct decision would
be:} 23. Ne4 $142 h5 24. h4 $1 gxh4 (24... g4 25. Rac1 {with a balanced
position.}) 25. Bxh4 Bh6 26. Ng3 {[%csl Gh5]} Bg4 27. Qb5 $132) 23... h5 $1 $17
{Suddenly Black seizes a crushing attack.} 24. Kh1 ({Strangely enough I didn't
manage to discover any reasonable defence for White, for example:} 24. h4 Bd3
$1 25. Qd1 (25. Qd2 $2 gxh4 26. Bxh4 Bh6 $19 {[%csl Gc1,Gd2]}) 25... Bf6 {
and Black's attack looks very strong.}) (24. Nd1 h4 25. Bh2 g4 26. hxg4 Bxg4
27. Qe4 Qg5 {[%cal Og5c1,Gg4f3]} 28. Rc3 Rf7 $17 {[%cal Ce4e3,Ce3g5,Ga8f8]}) ({
and certainly} 24. Ne4 h4 25. Bh2 g4 26. hxg4 Bxg4 {following by 27..Bf3 leads
to a decisive Black's advantage.}) 24... Rf7 $1 {[%cal Ga8f8]} ({Less
advisable would be} 24... h4 $140 25. Bh2 g4 26. hxg4 Bxg4 27. f3 Bf5 28. Ne4 {
and White manages somehow to consolidate his position.}) 25. f3 (25. Ne4 $140
h4 26. Bh2 Bxe4 27. Qxe4 Qxe4 28. Rxe4 Rxf2 $17) 25... Raf8 26. Rcd1 (26. Ne4
g4 $40) 26... g4 $40 27. fxg4 hxg4 28. h4 {The only defensive possibility,
which doesn't allow Black to crush through immediately.} Bf6 $1 $19 {[%csl Gh4]
Unfortunately White has another weakness his h4-pawn is undefendable.} 29. Ne4
Be7 30. cxd6 cxd6 31. Qd3 (31. Qe3 Bxe4 32. Qxe4 Rf1+ {wins}) 31... Qh7 32. Kg1
Bg6 {White could have continued for a few moves, but ojectively speaking his
position would have been lost.} 0-1

[Event "Linares 22nd"]
[Site "Linares"]
[Date "2005.02.27"]
[Round "5"]
[White "Kasimdzhanov, Rustam"]
[Black "Topalov, Veselin"]
[Result "1/2-1/2"]
[WhiteElo "2678"]
[BlackElo "2757"]
[Annotator "Avrukh,B"]
[PlyCount "80"]
[EventDate "2005.02.23"]
[EventType "tourn"]
[EventRounds "14"]
[EventCountry "ESP"]
[EventCategory "20"]
[SourceTitle "CBM 106"]
[Source "ChessBase"]
[SourceDate "2005.06.06"]
[SourceVersion "1"]
[SourceVersionDate "2005.06.06"]
[SourceQuality "1"]

1. d4 Nf6 2. c4 g6 3. Nc3 Bg7 4. e4 d6 5. Nf3 O-O 6. Be2 e5 7. O-O Na6 8. Re1
Qe8 {Recently this quiet move has became a very serious alternative to the
well-known 8...c6 mostly thanks to the efforts of Motylev and Kozul.} 9. Bf1
Bg4 10. d5 Nb4 {Typical idea in this line.} 11. Be2 {Unfortunately White has
to make this strange-looking move, since Black was threatening 11...Bxf3 and
White cannot take with his Q due to following Nc2.} a5 12. Rb1 {With the idea
13 a3 followed by 14 b4.} (12. h3 Bd7 13. Rb1 Na6 14. Bg5 Kh8 15. Bxf6 Bxf6 16.
b3 Nc5 17. a3 Bg7 18. b4 axb4 19. axb4 Na4 20. Nxa4 Rxa4 21. c5 Bb5 {1-0  Wang,
R- Areshchenko,A/Dubai 2005/CT-1612 (65)}) 12... Na6 $1 {Certainly Black
doesn't allow White to develop his play on the queenside.} 13. Bg5 (13. Be3 Bd7
14. Nd2 Nc5 15. b3 Qe7 16. a3 Ne8 17. Qc1 f5 18. f3 Nf6 19. b4 axb4 20. axb4
Na4 21. Nb5 c6 22. Nc7 Rac8 23. Ne6 Bxe6 24. dxe6 b5 25. Qa3 Qxe6 26. Qb3 Rb8
27. Red1 $44 {0-1 Kozul,Z-Tratar,M/Charleville 2000/CBM 079 ext (57)}) ({
It would be premature to play} 13. a3 {since it runs into} Nc5 14. Ng5 (14. Nd2
Bxe2 (14... Nd3 $5) 15. Qxe2 a4) 14... Bxe2 15. Qxe2 a4 $1 {fixing White's
Q-side pawns.}) 13... Bd7 14. Nd2 $146 {Strangely enough this logical move
appears to be a novelty and certainly he is much stronger than} (14. Qd2 Kh8
15. h3 Nc5 16. Bf1 Ng8 17. Nh2 f5 18. exf5 gxf5 19. f4 Qg6 20. Nf3 Rae8 $15 {
0-1 Bilobrk,F-Kozul,Z/Zadar 2003/CBM 097 ext (36)}) 14... Kh8 {[%cal Gf6g8]}
15. Bxf6 $5 {By this typical idea Rustam decides to simplify the game. Telling
the truth, this is not the way White can fight for an advantage.} ({The
alternative} 15. b3 Ng8 16. a3 f5 17. f3 {would have led to a very complex
King's Indian play.}) 15... Bxf6 16. Bg4 Bg5 {Of course Black immediately
activates his dark-squared bishop.} 17. Bxd7 Qxd7 18. Nf3 Bh6 19. a3 {[%cal
Gb2b4]} Nc5 {Obviously Black cannot remain with badly-placed knight on a6.} 20.
b4 axb4 21. axb4 Na4 22. Qd3 {It doesn't look like a mistake, but it
significantly eases Black's play.} ({I would prefer to avoid knights swap with
} 22. Nb5 Ra6 ({Doesn't work} 22... c6 23. dxc6 bxc6 24. Nxe5 Qe8 25. Ng4 $16 {
[%csl Gd6,Gh6]}) 23. Qd3 Rfa8 24. h3 $13) 22... Nxc3 23. Qxc3 f5 24. c5 Qb5 $1
{A very unpleasant 25.c6 was threatening, while Black's queen gets a very nice
square.} 25. h4 $1 {A very good positional move, making an escape hole for his
king White at the same time creates some attacking ideas like h5 or Ng5.} fxe4
(25... Ra2 26. exf5 gxf5 (26... Rxf5 27. Ra1 $1) 27. Ra1 $1 ({Our silicon
friend likes} 27. Ng5 Bxg5 28. hxg5 {as well, but I don't understand it).})
27... Rxa1 (27... Rfa8 $140 28. Rxa2 Rxa2 29. Nxe5 $18) 28. Rxa1 Bg7 29. Ng5 e4
30. Qc1 Bxa1 31. Qxa1+ Kg8 32. Ne6 $18) 26. Rxe4 Ra2 27. Rbe1 Qa4 {It might
seem, that Black has managed to seize the initiative, but White's position
remains very solid and his counterplay shouldn't be underestimated.} 28. cxd6
cxd6 29. Qc7 Qc2 30. Qb6 $1 {It goes without saying, that White should avoid
queens swap, since the endgame clearly favours Black.} Bg7 $1 (30... Rfa8 31.
R4e2 $1 Qxe2 32. Rxe2 Rxe2 33. Ng5 $1 Rf8 34. Qxd6 Rfxf2 35. Qb8+ Bf8 $11 (
35... Rf8 36. Qxb7 Bxg5 37. hxg5 e4 38. Qe7 {[%cal Oe7f8,Gd5d6]})) 31. Qe3 (31.
R4e2 {would have led to balanced position after forced line:} Qxe2 32. Rxe2
Rxe2 33. Qxd6 e4 34. Ng5 Rfxf2 35. Qb8+ Rf8 36. Qc7) 31... b5 (31... Rb2 {
might be interesting .}) 32. Rc1 Qb2 33. Rf1 Ra1 ({Too slow} 33... h6 34. Qb6
Qc2 {[%csl Ge4]} 35. Rfe1 {and White is threatening 36 R4e2}) 34. Rxa1 $2 ({
White should have played} 34. Qd3 $142 $1 Rxf1+ 35. Kxf1 Qc1+ 36. Ne1 Qb2 37.
Nf3 $11) 34... Qxa1+ 35. Kh2 Qb1 $2 ({Black could have won one of the pawns
with} 35... Qa2 $1 {[%csl Gd5]}) 36. Qe2 h6 {[%csl Gg5]} (36... Rc8 $143 37.
Ng5 Rc2 38. Qxb5 Rxf2 39. h5) 37. Rg4 h5 $6 {[%csl Gg5]} ({Much stronger was} 
37... Kh7 {keeping the tension in the position.} {Although after correct} 38.
Nd2 Qc2 39. Qe4 Rc8 $1 40. h5 Qxe4 41. Nxe4 gxh5 42. Rg3 Rc4 43. Nxd6 Rxb4 44.
Rf3 {White easily holds the balance.}) 38. Re4 Bh6 39. Ng5 Bxg5 40. hxg5 Rxf2 (
40... Rxf2 41. Qxf2 Qxe4 42. Qf8+ Kh7 43. Qf7+ {with perpetual}) 1/2-1/2